LDR 01041naa#a2200169#i#450# 001 RU\\bibl\121881 005 20260516171219.6 011 ## _a1998-6785 100 ## _a20230321b2023####ek#y0rusy0150####ca 102 ## _aRU 200 1# _aРелигиозная жизнь Харбина: адвентисты Седьмого дня _eЖурнальная статья 210 1# _aВладивосток _cФедеральное государственное бюджетное образовательное учреждение высшего образования "Владивостокский государственный университет" _d2023 215 ## _a10 с. 608 ## _aЖурнальная статья _2local 675 ## _aОбщины, настаивающие на взрослом крещении и крещении полным погружением. Перекрещенцы. Менониты. Баптисты. Адвентисты. 286 _z 700 #1 _aРодионова _gКсения Игоревна 856 4# _avvgu.editorum.ru _u